000 00412nam a2200169Ia 4500
008 230524s9999 xx 000 0 und d
082 _a576
_bANA
100 _aR.Ananthanarayan
245 0 _aText Book of Microbiology
250 _a7TH
260 _aHYDERABAD
_bOrient Longman
_c2005
300 _aXI;639
500 _aQuantity Number: 2
650 _aBiomedical
700 _a C.K.J.Paniker
942 _cBK
999 _c32335
_d32335